000 00710nam a2200289Ia 4500
005 20260324113527.0
008 008 260324s9999 xx 000 0 eng d
020 _a9781003414520
037 _aEBOOK
040 _aCRL
040 _beng
040 _cCRL
041 _2eng
041 _aeng
084 _qCRL
100 _aEtsuko Kato
_91147121
245 0 _aMobile Japanese Migrants to the Pacific West and East
245 0 _bSelf-searching, Work, and Identification
260 _bTaylor and Francis
260 _c2023
365 _a
365 _b230
856 _uhttp://www.taylorfrancis.com/books/9781003414520
942 _cEBOOK
999 _c1736829
_d1736829